| 000 | 00931nas a2200313 4500 | ||
|---|---|---|---|
| 001 | BR2013003166 | ||
| 003 | BR-BrBNA | ||
| 005 | 20231205122345.0 | ||
| 007 | ta | ||
| 008 | 230509b bl.|||p| |||| 00| 00por d | ||
| 040 |
_aBR-BrBNA _bpor _cBiblioteca Nacional de Agricultura |
||
| 041 | _a(Pt) | ||
| 072 | _aE73 | ||
| 100 | 1 | _aArruda, A.C. | |
| 100 | 1 | _aMinim, V.P.R. | |
| 100 | 1 | _aFerreira, M.A.M. | |
| 100 | 1 | _aMinim, L.A. | |
| 100 | 1 | _aSilva, N.M. da | |
| 100 | 1 | _aSoares, C.F. | |
| 245 | 1 | _aJustificativas e motivações do consumo e não consumo de café | |
| 650 | _aCAFÉ TRATADO | ||
| 650 | _aMERCADO | ||
| 650 | _aCONSUMO | ||
| 650 | _aCONSUMIDOR | ||
| 773 | 0 |
_tCiência e Tecnologia de Alimentos (Brazil) _xISSN 1678-457X _g(Oct-Dec 2009), V. 29(4) p. 754-763 _wBR2013003166 |
|
| 856 | 4 | 0 | _uhttp://www.scielo.br/pdf/cta/v29n4/09.pdf |
| 909 |
_a202311 _bLúcia _c55 _dLúcia Elande |
||
| 942 |
_2AGRIS _n0 _cANA |
||
| 999 |
_c228236 _d228236 |
||